Международные стандарты финансовой отчетности: Практическое руководство на русском и английском языках

Bibliographic Details
Main Author: Грюнинг Х. В. Хенни ван
Other Authors: Коэн М. Мариус
Language:Russian
English
Published: Москва, Весь Мир, 2004
Edition:2-е изд.
Series:Всемирный банк
Subjects:
Format: Book
KOHA link:https://koha.lib.tpu.ru/cgi-bin/koha/opac-detail.pl?biblionumber=70770

MARC

LEADER 00000nam0a2200000 4500
001 70770
005 20231031082021.0
010 |a 5777702260 
035 |a (RuTPU)RU\TPU\book\75339 
090 |a 70770 
100 |a 20041130d2004 km y0rusy50 ca 
101 0 |a rus  |a eng 
102 |a RU 
105 |a a jl 001zy 
200 1 |a Международные стандарты финансовой отчетности  |e Практическое руководство на русском и английском языках  |f Х. В. Грюнинг, М. Коэн 
205 |a 2-е изд. 
210 |a Москва  |c Весь Мир  |d 2004 
215 |a 336 с.  |c ил. 
225 1 |a Всемирный банк 
320 |a Библиогр.: с. 334 
610 1 |a экономика 
610 1 |a финансы 
610 1 |a финансовая отчетность 
610 1 |a международные стандарты 
610 1 |a прозрачность 
610 1 |a подготовка 
610 1 |a представление 
610 1 |a запасы 
610 1 |a денежные средства 
610 1 |a МСФО 
610 1 |a чистая прибыль 
610 1 |a убытки 
610 1 |a учетная политика 
610 1 |a события после отчетной даты 
610 1 |a договоры подряда 
610 1 |a налог на прибыль 
610 1 |a сегментарная отчетность 
610 1 |a основные средства 
610 1 |a аренда 
610 1 |a выручка 
610 1 |a правительственные субсидии 
610 1 |a валютные курсы 
610 1 |a займы 
610 1 |a раскрытие информации о связанных сторонах 
610 1 |a пенсионное обеспечение 
610 1 |a дочерние компании 
610 1 |a ассоциированные компании 
610 1 |a гиперинфляция 
610 1 |a промежуточная финансовая отчетность 
610 1 |a прекращаемая деятельность 
610 1 |a активы 
610 1 |a обесценение 
610 1 |a условные обязательства 
610 1 |a нематериальные активы 
610 1 |a финансовые инструменты 
610 1 |a инвестиционная собственность 
610 1 |a практические руководства 
675 |a 657.6(07)  |v 3 
700 1 |a Грюнинг  |b Х. В.  |g Хенни ван 
701 1 |a Коэн  |b М.  |g Мариус 
801 1 |a RU  |b 63413507  |c 20041130  |g PSBO 
801 2 |a RU  |b 63413507  |c 20130819  |g PSBO 
942 |c BK